| 000 -ლიდერი |
| ფიქსირებული სიგრძის საკონტროლო ველი |
02091nam a22002897a 4500 |
| 003 - საკონტროლო ნომრის იდენტიფიკატორი |
| საკონტროლო ველი |
Ge_BSU |
| 005 - ბოლო ოპერაციის თარიღი და დრო |
| საკონტროლო ველი |
20251008205726.0 |
| 008 - ფიქსირებული სიგრძის მონაცემთა ელემენტები - ზოგადი ინფორმაცია |
| ფიქსირებული სიგრძის საკონტროლო ველი |
251008s2017 ge ||||| |||| 00| 0 geo d |
| 020 ## - წიგნის საერთაშორისო სტანდარტული ნომერი |
| International Standard Book Number |
9789941245800 |
| 041 ## - ენის კოდი |
| Language code of text/sound track or separate title |
geo |
| 080 ## - უნივერსალური ათობითი კლასიფიკაციის ინდექსი |
| Universal Decimal Classification number |
61(031) პ-63 |
| 100 ## - მთავარი ჩანაწერი - პიროვნების სახელი |
| Personal name |
პორტერი, რობერტ ს. |
| 9 (RLIN) |
25965 |
| 245 ## - ცნობა სათაურის შესახებ |
| Title |
ჯანმრთელობის ენციკლოპედია ყველა თაობისთვის : 7 ტომეული : |
| Remainder of title |
ტ. 5 / |
| Statement of responsibility, etc |
რობერტ ს. პორტერი, ჯასტინ ლ. კაპლანი, ბარბარა პ. ჰომიერი; მთარგმნელები: ნინო კიკნაძე, ლია რუსიეშვილი, ანა სიბოშვილი [და სხვ.]; რედაქტორები: გივი ჯავაშვილი, გურამ კიკნაძე, თამარ მამაცაშვილი. |
| 264 ## - წარმოების, გამოცემის, დისტრიბუციის და სხვა ცნობები |
| გამოცემის, წარმოების, დისტრიბუციის... ადგილი |
თბილისი : |
| გამოცემის, წარმოების, დისტრიბუციის... სახელწოდება |
პალიტრა L, |
| გამოცემის, წარმოების, დისტრიბუციის... თარიღი |
2017. |
| 300 ## - ფიზიკური აღწერა |
| Extent |
636 გვ.; |
| Other physical details |
26 სმ. |
| 490 ## - სერიის ცნობა |
| Series statement |
მსოფლიო ბესტსელერი |
| 653 ## - INDEX TERM--UNCONTROLLED |
| Uncontrolled term |
ინფექციები ; კანის დაავადებები |
| 653 ## - INDEX TERM--UNCONTROLLED |
| Uncontrolled term |
პირის ღრუს და კბილების დაავადებები |
| 653 ## - INDEX TERM--UNCONTROLLED |
| Uncontrolled term |
ყელ-ყურ-ცხვირის დაავადებები |
| 653 ## - INDEX TERM--UNCONTROLLED |
| Uncontrolled term |
მხედველობის სისტემის დაავადებები |
| 700 ## - ADDED ENTRY--PERSONAL NAME |
| Personal name |
კაპლანი, ჯასტინ ლ., |
| Relator term |
ავტორი |
| 9 (RLIN) |
25972 |
| 700 ## - ADDED ENTRY--PERSONAL NAME |
| Personal name |
ჰომიერი, ბარბარა პ. |
| Relator term |
ავტორი |
| 9 (RLIN) |
25977 |
| 700 ## - ADDED ENTRY--PERSONAL NAME |
| Personal name |
კიკნაძე, ნინო |
| Relator term |
მთარგმნელი |
| 9 (RLIN) |
25978 |
| 700 ## - ADDED ENTRY--PERSONAL NAME |
| Personal name |
რუსიეშვილი, ლია |
| Relator term |
მთარგმნელი |
| 9 (RLIN) |
25979 |
| 700 ## - ADDED ENTRY--PERSONAL NAME |
| Personal name |
სიბოშვილი, ანა და სხვ. |
| Relator term |
მთარგმნელი |
| 9 (RLIN) |
25976 |
| 942 ## - ADDED ENTRY ELEMENTS (KOHA) |
| Source of classification or shelving scheme |
|
| Koha item type |
წიგნი |